| 000 | 00530nam a2200193Ia 4500 | ||
|---|---|---|---|
| 003 | GCL | ||
| 008 | 140319s9999 xx 000 0 eng d | ||
| 020 | _a1882292154 | ||
| 040 |
_aGCL / _cGCL |
||
| 082 | 0 | 4 |
_a747 _bK G |
| 100 | 1 | _aKOPEN, CORINNE Z. | |
| 245 | 1 | 0 |
_aGREAT DESIGNERS OF THE WORLD / _cKOPEN, CORINNE Z. |
| 260 |
_aنيويورك : _bBARONS WHO'S WHO ، _c2000 |
||
| 300 |
_a32 CM ؛ _c184 P |
||
| 650 | 0 | 4 | _aINTERIOR DECORATION |
| 650 | 0 | 4 | _aDECORATIVE ARTS |
| 650 | 0 | 4 | _aDECORATION AND ORNAMENT |
| 942 |
_2ddc _cBK |
||
| 999 |
_c5692 _d5692 |
||